| 000 | 01856nam0a2200397 4500 | ||
|---|---|---|---|
| 001 | RU\NLR\BIBL_A\012276360 | ||
| 005 | 20200720164821.0 | ||
| 010 |
_a978-5-94301-787-2 _980 |
||
| 021 |
_aRU _bКН-П-20-010377 _9КН-П-20-0806 |
||
| 035 | _a(NLR Aleph) 012276360 | ||
| 035 | _a(RuMoRGB)010280954 | ||
| 090 |
_a11194647 _c11194647 |
||
| 100 | _a20200619d2019 k y0rusy50 ca | ||
| 101 | 0 | _arus | |
| 102 | _aRU | ||
| 105 | _aac||z|||000zy | ||
| 181 | 0 |
_ai _baxxe |
|
| 182 | 0 | _an | |
| 200 | 1 |
_aАбсолютная педагогика: горизонты цивилизации _eАристотель - Кант, Платонов - Лосев _e[диалектический аспект: снятие проблемы клиоцида] _eмонография _fМисюра Я.С. |
|
| 203 |
_aТекст _bвизуальный _cнепосредственный |
||
| 210 |
_aНовосибирск _cСибпринт _d2019 |
||
| 215 |
_a467 с. _cил., цв. ил., портр., табл. _d21 |
||
| 300 | _aНа обл.: Наша Школа, 25 лет | ||
| 320 | _aБиблиогр.: с. 435-461 и в тексте | ||
| 606 | 1 |
_aПедагогика _9921924 _3RU\NLR\AUTH\6619222 |
|
| 686 | 1 | _aЧ30 | |
| 700 | 1 |
_aМисюра _bЯ. С. _gЯков Степанович |
|
| 702 | 0 |
_4570 _7ca _8rus _aАристотель _f384-322 до н.э. _9119396 _3RU\NLR\AUTH\779572 |
|
| 702 | 0 |
_4570 _7ca _8rus _aПлатон _f427-347 до н.э. _9118917 _3RU\NLR\AUTH\779049 |
|
| 702 | 1 |
_4570 _7ca _8rus _aКант _bИ. _f1724-1804 _gИммануил _9112332 _3RU\NLR\AUTH\772317 |
|
| 702 | 1 |
_4570 _7ca _8rus _aЛосев _bА. Ф. _f1893-1988 _gАлексей Федорович _9110251 _3RU\NLR\AUTH\77181 |
|
| 942 | _cBOOK | ||
| 980 | _aNBR | ||
| 980 | _aNB | ||